Top Gold Producing Countries - Statistics

General Stats
  • This quiz has been taken 39 times
  • The average score is 7 of 10
Answer Stats
# Answer % Correct
5 Russia
100%
2 Australia
97%
1 China
97%
3 South Africa
97%
7 Canada
94%
4 United States
94%
8 Indonesia
58%
6 Peru
58%
10 Ghana
26%
9 Uzbekistan
19%
No matching quizzes found
Score Distribution
Percent of People with Each Score
Percentile by Number Answered
Your Score History
You have not taken this quiz